Hmos: regulation by stealth? (Record no. 69521)
[ view plain ]
| 000 -LEADER | |
|---|---|
| fixed length control field | 01125cam a2200241 4500 |
| 001 - CONTROL NUMBER | |
| control field | ABS65040 |
| 008 - FIXED-LENGTH DATA ELEMENTS--GENERAL INFORMATION | |
| fixed length control field | 020213n2002 000 0 eng u |
| 035 ## - SYSTEM CONTROL NUMBER | |
| System control number | (Sirsi) u116718 |
| 245 ## - TITLE STATEMENT | |
| Title | Hmos: regulation by stealth? |
| 260 ## - PUBLICATION, DISTRIBUTION, ETC. | |
| Date of publication, distribution, etc. | 2002 |
| 490 ## - SERIES STATEMENT | |
| Series statement | Agreement |
| Volume/sequential designation | 6(1) February 2002, 10-14(4) |
| 520 ## - SUMMARY, ETC. | |
| Summary, etc. | Provides background explanatory notes on the Home Energy Conservation Bill introduced as Private Member's Bill in the House of Commons by Dr Desmond Turner MP. Part 1 concerns extending the Home Energy Conservation Act 1995, Part 2 deals with fuel poverty and Part 3 proposes amending the Housing Act 1985 by licensing houses in multiple occupation (hmos). Highlights key clauses relating to hmos. Includes comments by other member of parliament and Dr Turner the bill's sponsor. |
| 590 ## - LOCAL NOTE (RLIN) | |
| Local note | ABS |
| 650 ## - SUBJECT ADDED ENTRY--TOPICAL TERM | |
| Topical term or geographic name entry element | HOME ENERGY CONSERVATION BILL |
| 650 ## - SUBJECT ADDED ENTRY--TOPICAL TERM | |
| Topical term or geographic name entry element | HOME ENERGY CONSERVATION ACT 1995 |
| 650 ## - SUBJECT ADDED ENTRY--TOPICAL TERM | |
| Topical term or geographic name entry element | HOUSING ACT 1985 |
| 650 ## - SUBJECT ADDED ENTRY--TOPICAL TERM | |
| Topical term or geographic name entry element | HOUSES IN MULTIPLE OCCUPATION |
| 650 ## - SUBJECT ADDED ENTRY--TOPICAL TERM | |
| Topical term or geographic name entry element | HOUSES IN MULTIPLE OCCUPATION |
| 650 ## - SUBJECT ADDED ENTRY--TOPICAL TERM | |
| Topical term or geographic name entry element | ENERGY EFFICIENCY |
| 650 ## - SUBJECT ADDED ENTRY--TOPICAL TERM | |
| Topical term or geographic name entry element | LICENSING |
| 690 ## - LOCAL SUBJECT ADDED ENTRY--TOPICAL TERM (OCLC, RLIN) | |
| Topical term or geographic name as entry element | HOUSING |
| 942 ## - ADDED ENTRY ELEMENTS (KOHA) | |
| Suppress in OPAC | 0 |
| Withdrawn status | Lost status | Source of classification or shelving scheme | Damaged status | Not for loan | Home library | Current library | Shelving location | Date acquired | Total Checkouts | Full call number | Barcode | Date last seen | Copy number | Price effective from | Koha item type |
|---|---|---|---|---|---|---|---|---|---|---|---|---|---|---|---|
| Dewey Decimal Classification | London | London | Journal article | 13/02/2002 | ABS65040 | 116718-1001 | 06/08/2019 | 1 | 06/08/2019 | Journal article |